000 00504nam a2200169Ia 4500
999 _c25226
_d25226
003 OSt
005 20201223133453.0
008 190216s9999||||xx |||||||||||||| ||und||
040 _coclc
082 _a894.8128
_bTHI/G
100 _aThilakan, Balagangathara
_97820
245 0 _aGeetha Rehasyam /
_cBalagangathara Thilakan
260 _bPangam Vasudevan Namboodiri,
_aCherpulasseri:
300 _a175p
650 _aPadanam
942 _cBK
_2ddc
_h894.8128
_iTHI/G
_k894.8128
_mTHI/G